000 00630nam a22002057a 4500
003 OSt
005 20140310182339.0
008 130313t xxu||||| |||| 00| 0 eng d
050 _aBS 551.2
_b.D317 1971
082 _a J 225
_bDEG 1971
100 _aDegering, Etta B.
_921616
245 _aMy Bible friends :
_bJesus and the Storms; Jesus and the Children /
_cEtta B. Degering.
260 _aManila :
_bPhilippine Publishing House,
_cc1971
300 _c24 cm.
_bcol. ill. ;
440 _aMy Bible Friends;
_nbook 3
_921687
526 _c230L-420L
650 _aBible stories
_910553
942 _2lcc
_cBK-GS
999 _c12113
_d12113